Makroekonomická prognóza Česká ekonomika v letech 1994-1995

Makroekonomická konjunktúrna prognóza Ústavu pre hospodársku politiku(ÚHP) ČR na r. 1994-95. Faktory a bariéry ekonomického oživenia. Vývoj nezamestnanosti. Vývoj inflácie. Rovnováha verejných rozpočtov a vonkajšieho sektora ekonomiky.

Saved in:
Bibliographic Details
Main Author: Vintrová, Růžena
Format: Book Chapter
Language:Czech
Subjects:
Tags: Add Tag
No Tags, Be the first to tag this record!

MARC

LEADER 00000naa a2200000 4500
001 r015620
005 20221205085956.1
041 0 |a cze 
044 |a CZ 
245 1 0 |a Makroekonomická prognóza  |b Česká ekonomika v letech 1994-1995  |c Růžena Vintrová 
520 |a Makroekonomická konjunktúrna prognóza Ústavu pre hospodársku politiku(ÚHP) ČR na r. 1994-95. Faktory a bariéry ekonomického oživenia. Vývoj nezamestnanosti. Vývoj inflácie. Rovnováha verejných rozpočtov a vonkajšieho sektora ekonomiky. 
610 2 0 |a vývoj hospodársky 
610 2 0 |a politika rozpočtová 
610 2 0 |a prognózy hospodárske 
610 2 0 |a nezamestnanosť 
610 2 0 |a inflácia 
610 2 0 |a financie verejné 
610 2 0 |a Česko 
610 2 0 |a 1994-1995 
100 1 |a Vintrová, Růžena